| 000 | 00761cam a2200265 4500500 | ||
|---|---|---|---|
| 005 | 20260329005355.0 | ||
| 041 | _afre | ||
| 042 | _adc | ||
| 100 | 1 | 0 |
_ade Oliveira, Victorine _eauthor |
| 700 | 1 | 0 |
_aDegiovanni, Clara _eauthor |
| 700 | 1 | 0 |
_aGherca, Stefania _eauthor |
| 245 | 0 | 0 | _aTroisième voix |
| 260 | _c2023. | ||
| 500 | _a64 | ||
| 690 | _aCorps intermédiaires | ||
| 690 | _aDialogue | ||
| 690 | _aElsa Godart | ||
| 690 | _aMédiation | ||
| 690 | _aNégociation | ||
| 690 | _aParole | ||
| 690 | _aSincérité | ||
| 690 | _aTransmission | ||
| 786 | 0 | _nPhilosophie magazine | 170 | 6 | 2023-06-01 | p. 24-26 | 1951-1787 | |
| 856 | 4 | 1 | _uhttps://shs.cairn.info/magazine-philosophie-magazine-2023-6-page-24?lang=fr&redirect-ssocas=7080 |
| 999 |
_c1842778 _d1842778 |
||